Mezinárodní statisticko-ekonomické dny na VŠE v Praze sborník abstraktů

Salvato in:
Dettagli Bibliografici
Enti autori: Mezinárodní statisticko-ekonomické dny na VŠE v Praze. Vědecká konference, Vysoká škola ekonomická v Praze
Natura: Libro
Lingua:ceco
slovacco
inglese
Pubblicazione: Praha Vysoká škola ekonomická v Praze 2008
Soggetti:
Tags: Aggiungi Tag
Nessun Tag, puoi essere il primo ad aggiungerne!!

MARC

LEADER 00000nlm$a2200000$$$4500
001 0094784
005 20240109070738.5
020 |a 978-80-86175-61-4 
041 0 |a cze 
041 0 |a slo 
041 0 |a eng 
044 |a CZ 
245 1 0 |a Mezinárodní statisticko-ekonomické dny na VŠE v Praze  |b sborník abstraktů 
264 1 |a Praha  |b Vysoká škola ekonomická v Praze  |c 2008 
300 |a 53 s. 
610 2 0 |a štatistika matematická 
610 2 0 |a štatistika 
610 2 0 |a ekonómia 
610 2 0 |a metódy matematicko-štatistické 
110 2 |a Mezinárodní statisticko-ekonomické dny na VŠE v Praze. Vědecká konference 
710 2 |a Vysoká škola ekonomická v Praze